000
00349nam a2200157Ia 4500
003
0STCL
008
150530s9999 xx 000 0 und d
040
_a
STCL
_c
STCL
100
_a
Rust Hills, L.; Editor
245
_a
Great esquire fiction
260
_c
1986
546
_a
English
942
_2
ddc
_c
BK
999
_c
67444
_d
67444
005
20220125171343.0